LIBRARY & INFORMATION CENTRE, KCAET, TAVANUR

ONLINE PUBLIC ACCESS CATALOGUE (OPAC)

Performance evaluation of dosamatic and venturi fertigation units (Record no. 15182)

MARC details
000 -LEADER
fixed length control field 00692nam a22001937a 4500
003 - CONTROL NUMBER IDENTIFIER
control field OSt
088 ## - REPORT NUMBER
Report number P 162
100 ## - MAIN ENTRY--AUTHOR NAME
Personal name RAKESH R. L
245 ## - TITLE STATEMENT
Title Performance evaluation of dosamatic and venturi fertigation units
260 ## - PUBLICATION, DISTRIBUTION, ETC. (IMPRINT)
Place of publication Tavanur 2006
Name of publisher Kelappaji college of Agricultural Engineering and Technology
300 ## - PHYSICAL DESCRIPTION
Number of Pages 58
500 ## - GENERAL NOTE
General note Performance evaluation of dosamatic and venturi fertigation units
520 ## - SUMMARY, ETC.
Summary, etc Performance evaluation of dosamatic and venturi fertigation units
700 ## - ADDED ENTRY--PERSONAL NAME
Personal name Rakhi
700 ## - ADDED ENTRY--PERSONAL NAME
Personal name Dr. Mary Regina F (Guide)
856 ## - ELECTRONIC LOCATION AND ACCESS
Uniform Resource Identifier https://drive.google.com/open?id=1ajbgAn90-E2915kTvh6bw9DoCHanIjT4
942 ## - ADDED ENTRY ELEMENTS (KOHA)
Koha item type Project Report
Holdings
Collection code Home library Current library Shelving location Full call number Accession Number Koha item type
Reference KAUAET KAUAET Reference 631.587 RAK/PE P 162 Project Report
free website counter